00976nam a2200253Ia 4500001000900000003000500009005001700014008004100031010001100072040000900083082002400092110006900116245012800185260009000313300001000403650003900413650005000452650003200502650006000534650002900594650002500623700003800648700003600686dia_2034CHAP20251027152627.0220117s1969 xx 000 0 und d a172570 cCHAP a634.980972 C36 1969 aCámara Nacional de las Industrias Derivadas de la Silvicultura aMemoria económica 1968-1969 /c dirección Ernestina Vidal Arteaga ; colaboración Marina del Moral Gómez...[et al.] aMéxico :b Cámara Nacional de las Industrias Derivadas de la Silvicultura,c1969 a36 p. aEstadística forestalxMéxico  aForest productsxEconomical aspectsxMexico  aForest statisticsxMexico  aProductos forestalesxAspectos económicosxMéxico  aSilviculturaxMéxico  aSilviculturexMexico aMoral Gómez, Marina del, colab. aVidal Arteaga, Ernestina, dir.